|
|
|
|
| LEADER |
00000naa0a2200000 4500 |
| 001 |
602197 |
| 005 |
20250909124928.0 |
| 035 |
|
|
|a (RuTPU)RU\TPU\tpu\27644
|
| 090 |
|
|
|a 602197
|
| 100 |
|
|
|a 20150616d2010 k y0rusy50 ca
|
| 101 |
0 |
|
|a rus
|
| 102 |
|
|
|a RU
|
| 200 |
1 |
|
|a Модернизация бетатрона КМБ-10
|f В. Б. Сорокин
|
| 333 |
|
|
|a В фонде НТБ ТПУ отсутствует
|
| 461 |
|
1 |
|t Медицинская физика - 2010
|o III Евразийский конгресс по медицинской физике и инженерии, 21-25 июня 2010 г. : сборник материалов
|d 2010
|
| 463 |
|
1 |
|t Т. 2
|v Доклад 1-10
|d 2010
|
| 610 |
1 |
|
|a труды учёных ТПУ
|
| 700 |
|
1 |
|a Сорокин
|b В. Б.
|c физик
|c старший научный сотрудник Томского политехнического университета
|f 1946-
|g Владимир Борисович
|3 (RuTPU)RU\TPU\pers\28148
|
| 801 |
|
1 |
|a RU
|b 63413507
|c 20150616
|
| 942 |
|
|
|c BK
|